Tunisia 2026 FIFA World Cup Squad - Statistics

General Stats
  • This quiz has been taken 13 times
  • The average score is 6 of 27
Answer Stats
# Position Player % Correct
MF Hannibal Mejbri
82%
© MF Ellyes Skhiri
64%
DF Ali Abdi
36%
MF Anis Ben Slimane
27%
DF Dylan Bronn
27%
DF Montassar Talbi
27%
GK Mouhib Chamakh
27%
MF Rani Khedira
27%
Manager Sabri Lamouchi
27%
1 GK Aymen Dahmen
18%
FW Elias Achouri
18%
FW Elias Saad
18%
FW Firas Chaouat
18%
FW Hazem Mastouri
18%
MF Ismaël Gharbi
18%
DF Moutaz Neffati
18%
DF Raed Chikhaoui
18%
GK Sabri Ben Hessen
18%
DF Adem Arous
9%
MF Hadj Mahmoud
9%
DF Mohamed Amine Ben Hamida
9%
MF Mortadha Ben Ouanes
9%
DF Omar Rekik
9%
FW Taha Ali
9%
DF Yan Valery
9%
FW Alexander Bernhardsson
0%
FW Gustaf Nilsson
0%
No matching quizzes found
Score Distribution
Percent of People with Each Score
Percentile by Number Answered
Your Score History
You have not taken this quiz